Statistics for Пять стран с большинством христиан по континенту

Click here to take the quiz!

General Stats

  • This quiz has been taken 3 002 times
  • The average score is 18 of 30

Answer Stats

континент#страна% Correct
Азия19 mРоссия
97%
Европа64 mРоссия
97%
Северная Америка230 mСоединённые Штаты Америки
91%
Северная Америка22 mКанада
87%
Европа38 mФранция
87%
Европа50 mГермания
87%
Южная Америка181 mБразилия
85%
Северная Америка108 mМексика
83%
Азия49 mКитай
83%
Южная Америка38 mАргентина
79%
Океания14 mАвстралия
79%
Европа53 mИталия
72%
Азия30 mИндия
70%
Африка43 mЮжно-Африканская Республика
70%
Европа36 mПольша
70%
Океания1.9 mНовая Зеландия
66%
Южная Америка44 mКолумбия
61%
Южная Америка28 mПеру
60%
Южная Америка28 mВенесуэла
55%
Африка73 mНигерия
51%
Азия24 mИндонезия
46%
Африка63 mДемократическая Республика Конго
42%
Океания6.8 mПапуа-Новая Гвинея
40%
Африка53 mЭфиопия
37%
Океания0.54 mФиджи
33%
Северная Америка14 mГватемала
27%
Азия87 mФилиппины
27%
Северная Америка9.7 mДоминиканская Республика
21%
Африка35 mКения
20%
Океания0.59 mСоломоновы Острова
16%

Score Distribution

Percentile by Number Answered

Percent of People with Each Score

Your Score History

You have not taken this quiz